000 00972cas a22002897ar4500
005 20220329142320.0
008 000614d19651966us mr pernn 0 b1eng d
010 _a81542
011 _a82514
035 _a93012
245 0 4 _aBioresearch Titles
_c/by Bioscience Information Service of Biological Abstracts
260 0 _aPhiladelphia, PA. :
_bBioscience Information Service of Biological Abstracts,
_c1965-1966.
300 _av.
310 _aMensual
362 1 _an.4, 1966
500 _aSe dejó de recibir a partir del n.12 de 1966.
590 _aBATCH-UPD
_b10
_c20130110
_lUCH01
_h0858
590 _aBATCH-UPD
_b10
_c20130410
_lUCH01
_h0528
590 _aBATCH-UPD
_b10
_c20130914
_lUCH01
_h0635
590 _aCONVERSION
_b10
_c20130109
_lUCH01
_h1345
650 1 4 _aBiología
_xPublicaciones periódicas.
_912799
785 1 0 _tBioresearch Index
866 _an.1-4 (1965)
866 _an.4-8,10-12 (1966)
901 _aSE
905 _aLilia Sánchez G.
999 _c81542
_d81542